000 00383nam a22001457a 4500
005 20260424151702.0
008 260424b |||||||| |||| 00| 0 eng d
020 _a9788178846606
050 _aPN4784
_b.S6
100 _aThakur, K. C.
245 _aSports Journalism
_cK. C. Thakur
260 _aNew Delhi
_bCyber Tech Publications
_c2010
300 _a224p.
_c22cm
942 _2lcc
_cBK
_n0
999 _c9649
_d9649